Servicio con valor agregado (Registro nro. 9528)

Detalles MARC
000 -LEADER
fixed length control field 00556agd a2200217 4500
005 - DATE AND TIME OF LATEST TRANSACTION
control field 20170607112755.0
008 - FIXED-LENGTH DATA ELEMENTS--GENERAL INFORMATION
fixed length control field 150610b xxu||||| |||| 00| 0 spa d
041 ## - LANGUAGE CODE
Language code of text/sound track or separate title Español
082 ## - CLASIFICACIÓN
Clasificación 240 DVD
100 ## - AUTOR
Autor Tschohl, John
245 ## - TÍTULO
Title Servicio con valor agregado
260 ## - PUBLICATION, DISTRIBUTION, ETC. (IMPRINT)
Place of publication México
260 ## - PUBLICATION, DISTRIBUTION, ETC. (IMPRINT)
Name of publisher Service Quality Institute
260 ## - PUBLICATION, DISTRIBUTION, ETC. (IMPRINT)
Year of publication 2004
300 ## - PHYSICAL DESCRIPTION
Number of Pages 15 minutos
650 ## - SUBJECT ADDED ENTRY--TOPICAL TERM
Topical Term SERVICIO AL CLIENTE
650 ## - SUBJECT ADDED ENTRY--TOPICAL TERM
Topical Term VALOR AGREGADO
650 ## - SUBJECT ADDED ENTRY--TOPICAL TERM
Topical Term COMUNICACIÓN
650 ## - SUBJECT ADDED ENTRY--TOPICAL TERM
Topical Term VENTAJA COMPETITIVA
942 ## - ADDED ENTRY ELEMENTS (KOHA)
Koha item type DVD
Existencias
Withdrawn status Lost status Damaged status Not for loan Home library Current library Date acquired Total Checkouts Full call number Accession Number Date last seen Price effective from Koha item type
        Departamento de Biblioteca y Documentación Alfonso Chase Brenes Departamento de Biblioteca y Documentación Alfonso Chase Brenes 07/06/2017   240 DVD 240DVD 07/06/2017 07/06/2017 DVD